| 000 | 00919nam a22002057a 4500 | ||
|---|---|---|---|
| 008 | 150831b xxu||||| |||| 00| 0 eng d | ||
| 020 | _a9786124092299 | ||
| 082 |
_a700.92 _bL864r |
||
| 100 |
_aHastings, Rafael _93411 |
||
| 245 |
_aEl futuro es nuestro y/o por un pasado mejor _b1983-1967 _cRafael Hastings; Miguel A. López [curador] |
||
| 260 |
_aLima: _bInstituto Cultural Peruano Norteamericano _c2014 |
||
| 300 |
_a231 p. _bill. (col.) _c29 cm. |
||
| 500 | _aDel 11 de octubre al 23 de noviembre de 2014. Galería Germán Krüger Espantoso | ||
| 505 | _tUna delicada anarquía / Miguel A. López -- El arte es bonito e interesante. Una conversación con Rafael Hastings / Miguel A. López -- Portafolio | ||
| 600 |
_aHasting, Rafael _xBiografía _93412 |
||
| 650 |
_aArte moderno _zPerú _93413 |
||
| 650 |
_aArtista _vPintor _zPerú _93414 |
||
| 650 |
_aCatálogos _93415 |
||
| 700 |
_aLópez, Miguel A. [curador] _93416 |
||
| 999 |
_c728 _d728 |
||